000 00560nam a2200205Ia 4500
005 20221117112536.0
008 131103s9999 xx 000 0 und d
040 _aLoreto College
041 _aEnglish
082 _a821.8
_bMOO-GOD
100 _aMoore, Thomas
245 4 _aThe Poetical works of Thomas Moore
_cThomas Moore; edited by A.D. Godley
260 _aLondon
_bOxford University Press
_c1910
300 _axxx,751p.
504 _aIncludes index
650 _aEnglish poetry
700 _aGodley, A.D.; ed.
850 _aLCLIB
942 _cBK
999 _c21621
_d72100